[Event "GER-chT Federal Cup (Women)"]
[Site "Braunfels"]
[Date "1996.??.??"]
[Round "?"]
[White "Koglin, Anke"]
[Black "Gempe, Anet"]
[Result "1-0"]
[WhiteElo "2210"]
[BlackElo "2105"]

1.e4 e6 2.d4 d5 3.Nc3 Nf6 4.e5 Nfd7 5.f4 c5 6.Nf3 Nc6 7.Be3 cxd4 8.Nxd4 Nxd4
9.Bxd4 Bc5 10.Bxc5 Nxc5 11.Qd2 O-O 12.O-O-O f5 13.exf6 Qxf6 14.g3 a6 15.Bg2 Kh8
16.Qd4 Qxd4 17.Rxd4 Bd7 18.Re1 Rae8 19.Rd2 a5 20.Ne2 b5 21.Nd4 Kg8 22.Nf3 Rc8
23.Ne5 Be8 24.Bh3 Bf7 25.Nxf7 Kxf7 26.f5 exf5 27.Bxf5 Rcd8 28.Red1 Ke7 29.Rxd5 Nb7
30.Rxd8 Nxd8 31.Bxh7 Rh8 32.Bd3 Rxh2 33.Bxb5 Ne6 34.Bc4 Nc5 35.Bd5 Rh3 36.Rg1 Rh5
37.Bc4 Kf6 38.a3 Ne4 39.Bd3 Nc5 40.Be2 Rg5 41.g4 Re5 42.Bc4 Kg5 43.b3 Nd7
44.Bd3 Nf6 45.Bf5 g6 46.Bc8 Re4 47.Rg2 Rf4 48.Kb2 Kh4 49.Rh2+ Kg5 50.Rd2 Re4
51.Rd6 Re8 52.Rc6 Re5 53.b4 axb4 54.axb4 Re4 55.Rc5+ Kh4 56.g5 Nh7 57.Kb3 Nxg5
58.Rc4 Rxc4 59.Kxc4 Nf7 60.Kd5 g5 61.b5 g4 62.Bxg4 Kxg4 63.b6 Nd8 64.c4 Kf5
65.c5  1-0

[Event "POL-ch (Women)"]
[Site "Brzeg Dolny"]
[Date "1996.??.??"]
[Round "6"]
[White "Iwaniuk, Dorota"]
[Black "Zielinska, Marta"]
[Result "1/2-1/2"]
[WhiteElo "2090"]
[BlackElo "2250"]

1.e4 e6 2.d4 d5 3.Nc3 Nf6 4.e5 Nfd7 5.f4 c5 6.Nf3 Nc6 7.Be3 a6 8.Qd2 b5 9.dxc5 Bxc5
10.Bxc5 Nxc5 11.Qf2 Qb6 12.Bd3 b4 13.Ne2 f6 14.O-O O-O 15.Qe3 Bd7 16.Kh1 Rf7
17.Rae1 Raf8 18.exf6 Rxf6 19.Ng5 Rh6 20.Ng1 d4 21.Qe2 Nxd3 22.cxd3 Ne7 23.N1f3 Nf5
24.Qf2 Ne3 25.Ne5 Bb5 26.Rg1 Qa7 27.Qf3 Qe7 28.Qe4 Nf5 29.Qf3 Rh4 30.g3 Rh6
31.Ng4 Rg6 32.Ne5 Rh6 33.Ng4 Rg6 34.Ne5 Rh6  1/2-1/2

[Event "Spring op"]
[Site "Budapest"]
[Date "1996.??.??"]
[Round "4"]
[White "Bigaliev, Renat"]
[Black "Lehmann, Zoltan"]
[Result "1-0"]
[WhiteElo "2390"]
[BlackElo "2300"]

1.e4 e6 2.d4 d5 3.Nc3 Nf6 4.e5 Nfd7 5.f4 c5 6.Nf3 Nc6 7.Be3 a6 8.Qd2 b5 9.dxc5 Bxc5
10.Bxc5 Nxc5 11.Bd3 b4 12.Nd1 Qb6 13.Qe3 a5 14.O-O Ba6 15.Nf2 Na4 16.Qxb6 Nxb6
17.a3 Ke7 18.Bxa6 Rxa6 19.axb4 Nxb4 20.Nd4 Rc8 21.Nd3 Nxd3 22.cxd3 Raa8 23.Rfc1 Kd7
24.Rxc8 Nxc8 25.Kf2 Rb8 26.b3 Ra8 27.Ke3 Nb6 28.Nb5 Kc6 29.Nd6 Kc5 30.Nxf7 Kb4
31.Ng5 Nd7 32.Nxe6 Kxb3 33.Nc7 Rc8 34.Nxd5 a4 35.Rb1+ Kc2 36.Rb7 Nc5 37.Ra7 Rd8
38.d4 Rxd5 39.dxc5 Kb3 40.c6 a3 41.c7 Rc5 42.e6  1-0

[Event "Budapest FS04 GM"]
[Site "Budapest"]
[Date "1996.??.??"]
[Round "7"]
[White "Rowson, Jonathan"]
[Black "Hoang Than Trang"]
[Result "1-0"]
[WhiteElo "2415"]
[BlackElo "2360"]

1.e4 e6 2.d4 d5 3.Nc3 Nf6 4.e5 Nfd7 5.f4 c5 6.Nf3 Nc6 7.Be3 cxd4 8.Nxd4 Bc5
9.Qd2 O-O 10.O-O-O a6 11.Nb3 Bb4 12.Bd3 b5 13.Rhf1 Nb6 14.Qf2 Nc4 15.Bxc4 bxc4
16.Nd4 Ne7 17.Nb1 Rb8 18.c3 Bc5 19.Nc2 Bxe3+ 20.Qxe3 Qb6 21.Qxb6 Rxb6 22.Nd2 f6
23.Nf3 Ng6 24.g3 fxe5 25.Nxe5 Nxe5 26.fxe5 Bd7 27.Rxf8+ Kxf8 28.Nd4 Ke7 29.Rf1 Rb8
30.b3 cxb3 31.axb3 h5 32.Kd2 Rg8 33.Rf4 g5 34.Rf1 g4 35.Ke3 Rc8 36.Kd2 Rg8
37.Ke3 Rc8 38.Ra1 h4 39.Rc1 hxg3 40.hxg3 Rf8 41.Rh1 Rc8 42.Rh7+ Kd8 43.Kd3 Rc7
44.Rh4 Bb5+ 45.Nxb5 axb5 46.Rh8+ Kd7 47.Rh7+ Kc6 48.Rxc7+ Kxc7 49.b4 Kb7
50.Kd4 Kb6 51.Ke3 Kc6 52.Kf4 d4 53.cxd4 Kd5 54.Kxg4 Kc4 55.d5 Kxd5 56.Kf4  1-0

[Event "Budapest FS08 GM"]
[Site "Budapest"]
[Date "1996.??.??"]
[Round "7"]
[White "Fogarasi, Tibor"]
[Black "Arnold, Lothar"]
[Result "0-1"]
[WhiteElo "2505"]
[BlackElo "2375"]

1.e4 e6 2.d4 d5 3.Nc3 Nf6 4.e5 Nfd7 5.f4 c5 6.Nf3 Nc6 7.Be3 a6 8.Qd2 b5 9.g3 cxd4
10.Nxd4 Bb7 11.Bg2 Bc5 12.Nce2 O-O 13.c3 Qe7 14.O-O b4 15.Rac1 bxc3 16.Qxc3 Nb4
17.Ra1 Rac8 18.Qd2 Nb6 19.b3 a5 20.Rfc1 Nd7 21.Kh1 Bb6 22.Nc3 f6 23.exf6 Nxf6
24.a3 Nc6 25.Re1 Nxd4 26.Bxd4 Bxd4 27.Qxd4 Rfe8 28.Bh3 Rxc3 29.Bxe6+ Kf8
30.Bc8 Qxe1+ 31.Rxe1 Rxe1+ 32.Kg2 Rc2+ 33.Kf3 Bxc8 34.f5 Bxf5  0-1

[Event "Budapest FS03 GM"]
[Site "Budapest"]
[Date "1996.??.??"]
[Round "9"]
[White "Fogarasi, Tibor"]
[Black "Namgilov, Sogto"]
[Result "1/2-1/2"]
[WhiteElo "2500"]
[BlackElo "2425"]

1.e4 e6 2.d4 d5 3.Nc3 Nf6 4.e5 Nfd7 5.f4 c5 6.Nf3 Nc6 7.Be3 cxd4 8.Nxd4 Bc5
9.Qd2 Bxd4 10.Bxd4 Nxd4 11.Qxd4 Qb6 12.Qxb6 Nxb6 13.Nb5 Ke7 14.O-O-O Bd7
15.Nd4 Na4 16.Bd3 Nc5 17.Rhf1 g6 18.Rf3 h5 19.g3 Rag8 20.Rdf1 Be8 21.Be2 Bd7
22.Bd3 Be8 23.b3 a6 24.R1f2 g5 25.f5 g4 26.Rf4 Rg5 27.Kb2 h4 28.gxh4 Rgg8
29.b4  1/2-1/2

[Event "Budapest FS03 IM"]
[Site "Budapest"]
[Date "1996.??.??"]
[Round "11"]
[White "Nishimura, Hiroyuki"]
[Black "Shovunov, Baatr"]
[Result "1-0"]
[WhiteElo "2325"]
[BlackElo "2300"]

1.e4 e6 2.d4 d5 3.Nc3 Nf6 4.e5 Nfd7 5.f4 c5 6.Nf3 Nc6 7.Be3 a6 8.dxc5 Bxc5
9.Qd2 Qb6 10.Bxc5 Nxc5 11.O-O-O Bd7 12.Nd4 Qc7 13.Kb1 b5 14.Nxc6 Bxc6 15.Qe3 Qe7
16.Ne2 b4 17.Nd4 Bd7 18.Bd3 O-O 19.g4 Bb5 20.Bxb5 axb5 21.Nc6 Qc7 22.Qxc5 Kh8
23.Qd6 Qb6 24.Nxb4 Qe3  1-0

[Event "Calcutta op"]
[Site "Calcutta"]
[Date "1996.??.??"]
[Round "6"]
[White "Sahu, Sekhar Chandra"]
[Black "Singh, Gurpreetpal"]
[Result "0-1"]
[WhiteElo "2340"]
[BlackElo "2265"]

1.e4 e6 2.d4 d5 3.Nc3 Nf6 4.e5 Nfd7 5.f4 c5 6.Nf3 Nc6 7.Be3 cxd4 8.Nxd4 Qb6
9.Qd2 Qxb2 10.Rb1 Qa3 11.Bb5 Nxd4 12.Bxd4 Bb4 13.Rb3 Qa5 14.a3 Be7 15.f5 exf5
16.Nxd5 Bh4+ 17.Kd1 Qxd2+ 18.Kxd2 Bd8 19.Rc3 a6 20.Bd3 Nf8 21.Bb6 Be6 22.Nc7+ Bxc7
23.Bxc7 g6 24.g4 Bd5 25.Rg1 f4 26.h4 Ne6 27.Bb6 Ke7 28.a4 Rac8 29.a5 h6 30.Rf1 g5
31.h5 Rxc3 32.Kxc3 Rc8+ 33.Kb4 Nd8 34.c4 Nc6+ 35.Kc3 Be6 36.Be2 Nxe5 37.Kd4 f6
38.Re1 Kf7 39.c5 f3 40.Bf1 Bxg4 41.Rb1 Be6 42.Ke3 f5 43.Ba7 Bd5 44.Kd4 Kf6
45.Kxd5 Rd8+  0-1

[Event "Cannes op"]
[Site "Cannes"]
[Date "1996.??.??"]
[Round "5"]
[White "David, Alberto"]
[Black "Levacic, Patrick"]
[Result "1-0"]
[WhiteElo "2455"]
[BlackElo "2350"]

1.e4 e6 2.d4 d5 3.Nc3 Nf6 4.e5 Nfd7 5.f4 c5 6.Nf3 Nc6 7.Be3 a6 8.Qd2 b5 9.dxc5 Nxc5
10.Qf2 Qe7 11.Bd3 Bb7 12.O-O f5 13.exf6 gxf6 14.Rfe1 O-O-O 15.Bxc5 Qxc5 16.Rxe6 Qb4
17.Bf5 Kc7 18.a3 Qxb2 19.Qe1 Bc5+ 20.Kf1 d4 21.Ne4 Rd5 22.Nxc5 Rxc5 23.Rxf6 Re8
24.Qxe8 Qxa1+ 25.Kf2 Qxa3 26.Rf7+ Kb6 27.Qd7 Qe3+ 28.Kg3 Na5 29.Qd8+  1-0

[Event "Catalunya-chT"]
[Site "Catalunya"]
[Date "1996.??.??"]
[Round "?"]
[White "Pablo Marin, Alejandro"]
[Black "Codina Garcia, Jose"]
[Result "1-0"]
[WhiteElo "2375"]
[BlackElo "2145"]

1.e4 e6 2.d4 d5 3.Nc3 Nf6 4.e5 Nfd7 5.f4 c5 6.Nf3 Nc6 7.Be3 a6 8.Qd2 b5 9.dxc5 Nxc5
10.Qf2 Nd7 11.Bd3 Bb4 12.O-O g6 13.Ne2 Ba5 14.Ned4 Nxd4 15.Nxd4 Bb6 16.Rae1 Bxd4
17.Bxd4 Bb7 18.f5 Qe7 19.f6 Qb4 20.c3 Qa5 21.b4 Qc7 22.Qe3 Bc6 23.Ra1 a5
24.a4 bxa4 25.b5 Bb7 26.Rxa4 h6 27.Rfa1 Kf8 28.b6 Qc8 29.Rxa5 Rxa5 30.Rxa5 Kg8
31.h4 h5 32.Qg5 Kh7 33.Ra7 Nxb6 34.Bxb6 Qxc3 35.Bxg6+  1-0

[Event "Catalunya-chT"]
[Site "Catalunya"]
[Date "1996.??.??"]
[Round "?"]
[White "Pablo Marin, Alejandro"]
[Black "Rahal, Michael"]
[Result "1/2-1/2"]
[WhiteElo "2375"]
[BlackElo "2340"]

1.e4 e6 2.d4 d5 3.Nc3 Nf6 4.e5 Nfd7 5.f4 c5 6.Nf3 Nc6 7.Be3 a6 8.Qd2 b5 9.g3 Rb8
10.Bg2 Qb6 11.O-O cxd4 12.Nxd4 Bc5 13.Nce2 b4 14.Bf2 Nxd4 15.Nxd4 a5 16.Rfe1 O-O
17.Rad1 Kh8 18.f5 Bb7 19.g4 Rbe8 20.fxe6 fxe6 21.c3 Rf7 22.Bg3 Ref8 23.h4 Be7
24.Rf1 Rxf1+ 25.Rxf1 Rxf1+ 26.Bxf1 bxc3 27.bxc3 Nc5 28.Qf4 Kg8 29.Bb5 Qd8
30.g5 Ne4 31.Be1 Qc8 32.Qg4 Nc5 33.h5 Qc7 34.Bg3 Bc8 35.g6 Ne4 36.gxh7+ Kh8
37.h6 g5 38.Be1 Qxe5 39.Nf3 Qf4 40.Qxf4 gxf4 41.c4 Kxh7 42.cxd5 exd5 43.Bc6 Be6
44.Bxa5 Bc5+ 45.Kg2 Kxh6 46.Bd8 Be3 47.a4 Nc3 48.a5 Bc8 49.Bf6 Ne4 50.Be5 Nd2
51.Bxd5 Nxf3 52.Kxf3 Kg5 53.Bc7 Bd2 54.Bb6 Ba6  1/2-1/2

[Event "Cetinje"]
[Site "Cetinje"]
[Date "1996.??.??"]
[Round "?"]
[White "Vukovic, Zdravko"]
[Black "Popovic, Mladen"]
[Result "1/2-1/2"]
[WhiteElo "2475"]
[BlackElo "2305"]

1.e4 e6 2.d4 d5 3.Nc3 Nf6 4.e5 Nfd7 5.f4 c5 6.Nf3 Nc6 7.Ne2 cxd4 8.Nexd4 Bc5
9.c3 Qb6 10.Be2 O-O 11.O-O f6 12.Kh1 Re8 13.Bd3 g6 14.Qe2 Nxd4 15.cxd4 Bxd4
16.Bxg6 hxg6 17.Qd3 f5 18.Nxd4 Nc5 19.Qb5 Bd7 20.Qxb6 axb6 21.b3 Rec8 22.Bd2 Kf7
23.Kg1 Ne4 24.Bb4 Rc7 25.a4 Rcc8 26.Rfc1 Ke8 27.Kf1 Rxc1+ 28.Rxc1 Rc8 29.Ra1 Ra8
30.Ke2 Kf7 31.Rc1 Rc8 32.Rxc8 Bxc8 33.Bd6 Bd7 34.Bc7 b5 35.a5 Ke7 36.Bb6 Be8
37.Kd3 Bf7 38.Kc2 Be8 39.Kb2 b4 40.Nc2 Bb5 41.Nxb4 Bf1 42.g3 Nd2 43.Kc3 Nf3
44.h4 Kd7 45.Bf2 Be2 46.Na2 Kc6 47.Bb6 Kb5 48.Nc1  1/2-1/2

[Event "Capablanca mem-B"]
[Site "Cienfuegos"]
[Date "1996.??.??"]
[Round "4"]
[White "Mitkov, Nikola"]
[Black "Alvarez, Jose"]
[Result "1/2-1/2"]
[WhiteElo "2475"]
[BlackElo "2415"]

1.e4 e6 2.d4 d5 3.Nc3 Nf6 4.e5 Nfd7 5.f4 c5 6.Nf3 Nc6 7.Be3 cxd4 8.Nxd4 Qb6
9.Be2 Bc5 10.Na4 Qa5+ 11.c3 Bxd4 12.Bxd4 Nxd4 13.Qxd4 b6 14.Bd1 Qb5 15.b4 O-O
16.Nb2 f6 17.Bg4 Re8 18.a4 Qc6 19.O-O Qc7 20.Rfe1 fxe5 21.fxe5 a5 22.Re3 Ba6
23.Rae1 axb4 24.cxb4 Rac8 25.h4 Qd8 26.Bh3 Qe7 27.Rf3 Bc4 28.b5 Qc5 29.Rf4 Qxd4+
30.Rxd4 Kf7 31.h5 Ke7 32.Rg4 Rg8 33.Re3 g6 34.Rg5 Ba2 35.Nd3 Rc4 36.Rf3 Re4
37.Rf2 Bb1 38.Nf4 Re1+ 39.Kh2 Nc5 40.hxg6 hxg6 41.Nh5 Ne4 42.Nf6 Nxf2 43.Nxg8+ Kf7
44.Nf6 Rh1+ 45.Kg3 Ne4+ 46.Nxe4 Bxe4 47.Rg4 Ra1 48.Rh4 Rxa4 49.Rh7+ Kg8 50.Rb7 Bf5
51.Rxb6 Kf7  1/2-1/2

[Event "Capablanca mem-C"]
[Site "Cienfuegos"]
[Date "1996.??.??"]
[Round "8"]
[White "Ribeiro, Fernando"]
[Black "Paneque, Pedro"]
[Result "0-1"]
[WhiteElo "2325"]
[BlackElo "2370"]

1.e4 e6 2.d4 d5 3.Nc3 Nf6 4.e5 Nfd7 5.f4 c5 6.Nf3 Nc6 7.Be3 a6 8.Qd2 b5 9.dxc5 Bxc5
10.Bxc5 Nxc5 11.Nd4 Bd7 12.Nxc6 Bxc6 13.Qd4 Qb6 14.O-O-O a5 15.Kb1 b4 16.Ne2 O-O
17.Nc1 Rfb8 18.Nb3 Ne4 19.Qxb6 Rxb6 20.Rd4 Nf2 21.Rg1 a4 22.Nd2 a3 23.b3 Nd1
24.Ne4 dxe4 25.Rxd1 Bd5 26.g3 Rc8 27.c4 bxc3 28.Kc2 f5 29.exf6 gxf6 30.f5 e3
31.fxe6 Be4+ 32.Bd3 Rxe6 33.Bxe4 Rxe4 34.Rd3 Rc5 35.Re1 e2 36.Rxc3 Rf5 37.Kd3 Re8
38.Rc2 Rd5+ 39.Kc4 Rc8+ 40.Kxd5 Rxc2 41.Kd4 Rxa2 42.Kc3 Rb2  0-1

[Event "Capablanca mem-C"]
[Site "Cienfuegos"]
[Date "1996.??.??"]
[Round "10"]
[White "Ribeiro, Fernando"]
[Black "Sieiro Gonzalez, Luis"]
[Result "0-1"]
[WhiteElo "2325"]
[BlackElo "2375"]

1.e4 e6 2.d4 d5 3.Nc3 Nf6 4.e5 Nfd7 5.f4 c5 6.Nf3 Nc6 7.Be3 cxd4 8.Nxd4 Qb6
9.Qd2 Qxb2 10.Rb1 Qa3 11.Ncb5 Qxa2 12.Rb3 Nc5 13.Nxc6 Nxb3 14.cxb3 Qxd2+
15.Kxd2 bxc6 16.Nc7+ Kd7 17.Nxa8 Bb4+ 18.Kc2 Bb7 19.Bxa7 Rxa8 20.Be3 c5 21.Bb5+ Bc6
22.Bxc6+ Kxc6 23.Rg1 Ra2+  0-1

[Event "Copenhagen-ch"]
[Site "Copenhagen"]
[Date "1996.??.??"]
[Round "8"]
[White "Bjerring, Kai"]
[Black "Hvenekilde, Jorgen"]
[Result "0-1"]
[WhiteElo "2365"]
[BlackElo "2315"]

1.e4 e6 2.d4 d5 3.Nc3 Nf6 4.e5 Nfd7 5.f4 c5 6.Nf3 Nc6 7.Be3 Be7 8.Qd2 a6
9.dxc5 Nxc5 10.Nd4 Bd7 11.a3 O-O 12.b4 Ne4 13.Nxe4 dxe4 14.Rd1 Nxd4 15.Qxd4 Bc6
16.Qxd8 Rfxd8 17.Rxd8+ Rxd8 18.Be2 b5 19.c3 f6 20.O-O Bd5 21.a4 Rc8 22.Bd4 Bc4
23.Kf2 fxe5 24.Bxe5 Bf6 25.axb5 axb5 26.Bg4 Bxe5  0-1

[Event "CZE-chT 9596"]
[Site "?"]
[Date "1996.??.??"]
[Round "9"]
[White "Vodicka, Vladimir"]
[Black "Pachman, Ludek"]
[Result "1/2-1/2"]
[WhiteElo "2340"]
[BlackElo "2325"]

1.e4 e6 2.d4 d5 3.Nc3 Nf6 4.e5 Nfd7 5.f4 c5 6.Nf3 Qb6 7.Be3 a6 8.Na4 Qa5+
9.c3 cxd4 10.b4 Qc7 11.Qxd4 Nc6 12.Qd2 Be7 13.Bd3 O-O 14.O-O b5 15.Nb2 Nb6
16.a4 Nc4 17.Nxc4 dxc4 18.Be4 Bb7 19.Qc2 h6 20.a5 f5 21.exf6 Rxf6 22.Rad1 Raf8
23.g3 Qc8 24.Bh7+ Kh8 25.Be4 R6f7 26.Bb6 Bf6 27.Rd2 Ne7 28.Bd4 Nf5 29.Bc5 Rd8
30.Bxb7 Rxb7 31.g4 Rxd2 32.Nxd2 Nh4 33.Ne4 Qc6 34.Nxf6 gxf6 35.Bd4 e5 36.fxe5 Rg7
37.h3 Nf3+ 38.Rxf3 Qxf3 39.exf6 Qg3+ 40.Qg2 Qxg2+ 41.Kxg2 Rf7 42.Kf3 Kg8
43.Kf4 Rd7 44.h4 Kf7 45.Ke5 Rd8 46.g5 hxg5 47.hxg5 Kg6 48.Ke6 Re8+ 49.Kd6 Re4
50.Kc5 Rg4 51.f7 Kxf7 52.Bf6 Re4 53.Kb6 Re6+ 54.Kb7 Ke8 55.Kc7 Re4 56.Kb7 Re6
57.Kc7 Re4  1/2-1/2

[Event "CZE-chT2c 9596"]
[Site "CZE"]
[Date "1996.??.??"]
[Round "10"]
[White "Babula, Milan"]
[Black "Pastor, Karel"]
[Result "1-0"]
[WhiteElo "2285"]
[BlackElo "2260"]

1.e4 e6 2.d4 d5 3.Nc3 Nf6 4.e5 Nfd7 5.f4 c5 6.Nf3 Nc6 7.Be3 Qb6 8.Be2 cxd4
9.Nxd4 Bc5 10.Na4 Qa5+ 11.c3 Nxd4 12.Bxd4 Bxd4 13.Qxd4 b6 14.Bd1 Qb5 15.b4 a5
16.Nb2 axb4 17.cxb4 Ra3 18.Be2 Qc6 19.O-O O-O 20.Rf3 Rxf3 21.Bxf3 Ba6 22.a4 Qc2
23.Bd1 Qc7 24.a5 bxa5 25.Rxa5 Nb8 26.Rc5 Qb6 27.Ba4 Bb7 28.Rxd5 Qa6 29.Rd8 Nd7
30.Rxd7 Qe2 31.Qd2 Qe4 32.h3 f6 33.Bc2 Qc6 34.Rd6 Qc7 35.Qd3 f5 36.Qc4 Qxc4
37.Nxc4 Rc8 38.Bb3 Bd5 39.Na5  1-0

[Event "Decin op"]
[Site "Decin"]
[Date "1996.??.??"]
[Round "8"]
[White "Filipenko, Alexander V"]
[Black "Kviriashvili, Ioseb"]
[Result "1-0"]
[WhiteElo "2430"]
[BlackElo "2275"]

1.e4 e6 2.d4 d5 3.Nc3 Nf6 4.e5 Nfd7 5.f4 c5 6.Nf3 Nc6 7.Be3 a6 8.Qd2 b5 9.dxc5 b4
10.Ne2 Nxc5 11.O-O-O Ne4 12.Qe1 Qa5 13.Kb1 Bd7 14.Nfd4 Nxd4 15.Nxd4 Be7 16.Bd3 Nc5
17.Rf1 Nxd3 18.cxd3 O-O 19.g4 Qc7 20.Rc1 Qb8 21.Qd2 a5 22.Nc6 Bxc6 23.Rxc6 a4
24.Rfc1 Rd8 25.Bd4 Bf8 26.f5 exf5 27.gxf5 Re8 28.e6 fxe6 29.fxe6 b3 30.a3 Qd8
31.Qf4 Re7 32.Qf3 Qe8 33.Qxd5 Qg6 34.Bc5 Ra5 35.Rc8 Rxc5 36.R1xc5 Qxe6 37.Qxe6+ Rxe6
38.Rf5 Re1+ 39.Rc1 Rxc1+ 40.Kxc1 Bd6 41.h3 g6 42.Ra5 h5 43.Rxa4 g5 44.Kd1 Kf7
45.Ke2 Ke6 46.Re4+ Be5 47.Rb4 Bxb2 48.Rxb3 Bd4 49.Rb5 Bf6 50.a4 Kd7 51.a5  1-0

[Event "Dresden op"]
[Site "Dresden"]
[Date "1996.??.??"]
[Round "2"]
[White "Lau, Ralf"]
[Black "Elschner, Annegret"]
[Result "1-0"]
[WhiteElo "2510"]
[BlackElo "2040"]

1.e4 e6 2.d4 d5 3.Nc3 Nf6 4.e5 Nfd7 5.Nce2 c5 6.c3 Nc6 7.Nf3 f6 8.Nf4 Qe7
9.exf6 Nxf6 10.Bb5 cxd4 11.Nxd4 Bd7 12.O-O e5 13.Re1 Qd6 14.Nd3 e4 15.Bf4 Qe7
16.Nxc6 Bxc6 17.Bxc6+ bxc6 18.Qa4 Rc8 19.c4 dxc4 20.Qxc4 Qf7 21.Qa6 Qd7 22.Rac1 Be7
23.Ne5 Qe6 24.Nxc6 Bd8 25.h3 Bb6 26.Nd4 Rxc1 27.Rxc1 Qd7 28.Rc8+ Bd8 29.Qc4 Nd5
30.Bg5 Nb6 31.Rxd8+  1-0

[Event "Asia-ch"]
[Site "Dubai"]
[Date "1996.??.??"]
[Round "?"]
[White "Mamadshoev, Marat"]
[Black "Barsov, Alexei"]
[Result "0-1"]
[WhiteElo "2315"]
[BlackElo "2465"]

1.e4 e6 2.d4 d5 3.Nc3 Nf6 4.e5 Nfd7 5.f4 c5 6.Nf3 a6 7.Be3 Qb6 8.Na4 Qc7
9.dxc5 Nxc5 10.Nxc5 Bxc5 11.Qd2 Bd7 12.Bd3 b6 13.Qf2 Bxe3 14.Qxe3 Qc5 15.Qd2 O-O
16.Bxh7+ Kxh7 17.Ng5+ Kg8 18.Qd3 Rc8 19.Qh7+ Kf8 20.O-O-O Ke8  0-1

[Event "RUS-ch (Women)"]
[Site "Elista"]
[Date "1996.??.??"]
[Round "3"]
[White "Ruchieva, Natalia"]
[Black "Zaitseva, Ludmila G"]
[Result "1/2-1/2"]
[WhiteElo "2255"]
[BlackElo "2325"]

1.e4 e6 2.d4 d5 3.Nc3 Nf6 4.e5 Nfd7 5.f4 c5 6.Nf3 Nc6 7.Be3 a6 8.Qd2 b5 9.Ne2 b4
10.dxc5 Bxc5 11.Bxc5 Nxc5 12.Ned4 Nxd4 13.Nxd4 Qb6 14.Qe3 O-O 15.Nb3 Na4
16.Qxb6 Nxb6 17.a3 bxa3 18.Rxa3 f6 19.exf6 Rxf6 20.g3 e5 21.fxe5 Re6 22.Kd2 Rxe5
23.Na5 Bg4 24.Bd3 Nd7 25.Ra4 Bf3 26.Rf1 Nc5 27.Rf4 Nxd3 28.cxd3 Bh5 29.g4 Bg6
30.Nc6 Re6 31.Nb4 Rd6 32.Ra1 Rb8 33.Ra5 d4 34.Rd5 Rxd5 35.Nxd5 Rxb2+ 36.Kd1 Rb7
37.Rxd4 Be8 38.Rc4 Bb5 39.Rc8+ Kf7 40.Kd2 Rd7 41.Rc7 Kg6 42.Rc5  1/2-1/2

[Event "Essen tt"]
[Site "Essen"]
[Date "1996.??.??"]
[Round "?"]
[White "Lau, Ralf"]
[Black "Dergatschova Daus, Anna"]
[Result "1-0"]
[WhiteElo "2495"]
[BlackElo "2180"]

1.e4 e6 2.d4 d5 3.Nc3 Nf6 4.e5 Nfd7 5.Nce2 c5 6.c3 Nc6 7.Nf3 b5 8.a3 Qb6
9.Be3 Bb7 10.Nf4 h6 11.Be2 c4 12.h4 Be7 13.Nh5 O-O-O 14.Nxg7 Rdg8 15.Nh5 Rxg2
16.Ng3 Rxg3 17.fxg3 Ndxe5 18.Nxe5 Nxe5 19.Qd2 Nd7 20.Bxh6 Bd6 21.Bf4 e5 22.dxe5 Bxe5
23.Bxe5 Nxe5 24.Qd4 Qd6 25.O-O-O Rg8 26.Qf4 a5 27.Rhe1 Kc7 28.h5 b4 29.axb4 axb4
30.Bxc4 f6 31.Bb3 bxc3 32.bxc3 Rg4 33.Qf2 d4 34.cxd4 Nf3 35.Qc2+ Bc6 36.Re6 Qa3+
37.Kb1 Qa6 38.d5  1-0

[Event "FIN-chT 9596"]
[Site "FIN"]
[Date "1996.??.??"]
[Round "5"]
[White "Pulkkinen, Kari"]
[Black "Vooremaa, Andres"]
[Result "1-0"]
[WhiteElo "2345"]
[BlackElo "2270"]

1.e4 e6 2.d4 d5 3.Nc3 Nf6 4.e5 Nfd7 5.f4 c5 6.Nf3 Nc6 7.Be3 cxd4 8.Nxd4 Qb6
9.Qd2 Nxd4 10.Bxd4 Qa5 11.Bd3 a6 12.O-O Bc5 13.Qe3 Bxd4 14.Qxd4 Qc5 15.Qxc5 Nxc5
16.f5 Bd7 17.Rf4 Bc6 18.Raf1 exf5 19.Bxf5 a5 20.Rd1 Rd8 21.Rfd4 Ne6 22.R4d2 g6
23.Bg4 h5 24.Bf3 d4 25.Ne2 Bxf3 26.gxf3 O-O 27.Nxd4 Nxd4 28.Rxd4 Rc8 29.c3 b5
30.Kf2 Rfe8 31.f4 Kg7 32.R1d3 h4 33.Rd5 Rb8 34.Kf3 b4 35.Rxa5 bxc3 36.bxc3 Re7
37.Rad5 Rb2 38.Rd2 Rbb7 39.c4 Rbc7 40.Rc2 Ra7 41.c5  1-0

[Event "Finkenstein op"]
[Site "Finkenstein"]
[Date "1996.??.??"]
[Round "6"]
[White "Mencinger, Vojko"]
[Black "Keller, M."]
[Result "1-0"]
[WhiteElo "2390"]
[BlackElo "2205"]

1.e4 e6 2.d4 d5 3.Nc3 Nf6 4.e5 Nfd7 5.f4 c5 6.Nf3 Nc6 7.Be3 a6 8.Qd2 b5 9.dxc5 Bxc5
10.Bxc5 Nxc5 11.b4 Ne4 12.Nxe4 dxe4 13.Qxd8+ Nxd8 14.Nd4 Bd7 15.O-O-O Ke7
16.a3 f5 17.Be2 Nb7 18.h4 h5 19.Rh3 g6 20.Rg3 Rhg8 21.Kb2 Rac8 22.a4 bxa4
23.Bxa6 Rc7 24.Be2 Kf7 25.c4 Rb8 26.Ka3 Nd8 27.c5 Bc6 28.b5 Bd5 29.c6 Rb6
30.Rc1 Bb3 31.Bc4  1-0

[Event "Finkenstein op"]
[Site "Finkenstein"]
[Date "1996.??.??"]
[Round "8"]
[White "Mencinger, Vojko"]
[Black "Kostanjsek, Zorko"]
[Result "1-0"]
[WhiteElo "2390"]
[BlackElo "2205"]

1.e4 e6 2.d4 d5 3.Nc3 Nf6 4.e5 Ne4 5.Nce2 f6 6.Ng3 c5 7.Nxe4 dxe4 8.exf6 cxd4
9.fxg7 Bxg7 10.Qh5+ Kf8 11.Bh6 Qb6 12.O-O-O Nc6 13.Bxg7+ Kxg7 14.Qg4+ Kf7
15.Qxe4 Bd7 16.Nf3 Qa5 17.Bc4 Rac8 18.Rhe1 Rce8 19.Nxd4 Nxd4 20.Rxd4 Bc8
21.Rd3 Qg5+ 22.f4 Qh6 23.Rh3 Qg6 24.f5  1-0

[Event "ISL-ch"]
[Site "Gardabaer"]
[Date "1996.??.??"]
[Round "5"]
[White "Vidarsson, Jon G"]
[Black "Thorhallsson, Throstur"]
[Result "0-1"]
[WhiteElo "2340"]
[BlackElo "2445"]

1.e4 e6 2.d4 d5 3.Nc3 Nf6 4.e5 Nfd7 5.Nce2 c5 6.c3 Nc6 7.f4 b5 8.a3 Qb6 9.Nf3 b4
10.axb4 cxb4 11.Ng3 a5 12.Be2 g6 13.O-O Ba6 14.Kh1 Bxe2 15.Nxe2 Qb5 16.Be3 Nb6
17.b3 a4 18.bxa4 Rxa4 19.Rxa4 Nxa4 20.cxb4 Bxb4 21.Ng3 Ke7 22.f5 gxf5 23.Bg5+ Kd7
24.Bf6 Rg8 25.Ng5 Nc3 26.Qh5 Be7 27.Bxe7 Nxe7 28.Ra1 Qb2 29.Ra7+ Kc6 30.h4 Ng6
31.Nf3 Nf4 32.Rc7+ Kxc7 33.Qxf7+ Kc6 34.Ne1 Qb8 35.Qe7 Rxg3  0-1

[Event "ISL-ch"]
[Site "Gardabaer"]
[Date "1996.??.??"]
[Round "9"]
[White "Jonasson, Benedikt"]
[Black "Thorhallsson, Throstur"]
[Result "0-1"]
[WhiteElo "2280"]
[BlackElo "2445"]

1.e4 e6 2.d4 d5 3.Nc3 Nf6 4.e5 Nfd7 5.f4 c5 6.Nf3 Qb6 7.Be3 a6 8.Na4 Qa5+
9.c3 cxd4 10.b4 Qc7 11.Qxd4 a5 12.b5 b6 13.Be2 Nc5 14.O-O Nbd7 15.Rac1 Bb7
16.Kh1 Be7 17.Qd1 O-O 18.Nd4 Rac8 19.f5 Qxe5 20.Bf4 Qf6 21.Nxc5 Nxc5 22.fxe6 fxe6
23.Bd6 Qh4 24.Bg3 Qg5 25.Nf3 Qh6 26.Be5 Ne4 27.Bd3 Qh5 28.Qe1 Bc5 29.Bxe4 dxe4
30.Qg3 Qf7 31.Nd2 Qe7 32.Nc4 Rxf1+ 33.Rxf1 Rf8 34.Rd1 Bd5 35.Ne3 Bxa2 36.Ng4 h5
37.Ne3 h4 38.Qh3 Qg5 39.Rd7 Bxe3  0-1

[Event "Eikrem mem"]
[Site "Gausdal"]
[Date "1996.??.??"]
[Round "1"]
[White "Thorhallsson, Throstur"]
[Black "Berg, Bo"]
[Result "1-0"]
[WhiteElo "2480"]
[BlackElo "2090"]

1.e4 e6 2.d4 d5 3.Nc3 Nf6 4.e5 Nfd7 5.f4 b6 6.Nf3 Ba6 7.Bxa6 Nxa6 8.Qe2 Nab8
9.f5 c5 10.fxe6 fxe6 11.Ng5 cxd4 12.Nxe6 Qh4+ 13.g3 Qh3 14.Nxd5 Bb4+ 15.Kd1 d3
16.cxd3 Na6 17.Nxg7+ Kf7 18.Nf4 Qh6 19.Nfe6 Qxg7 20.Nxg7 Ndc5 21.Rf1+  1-0

[Event "Troll Masters"]
[Site "Gausdal"]
[Date "1996.??.??"]
[Round "3"]
[White "Rogers, Ian"]
[Black "Thorhallsson, Throstur"]
[Result "1-0"]
[WhiteElo "2580"]
[BlackElo "2445"]

1.e4 e6 2.d4 d5 3.Nc3 Nf6 4.e5 Nfd7 5.Nf3 c5 6.dxc5 Nc6 7.Bf4 Bxc5 8.Bd3 f6
9.exf6 Nxf6 10.O-O O-O 11.Ne5 Bd7 12.Qe2 Qe7 13.Rae1 Rae8 14.Bg3 Nxe5 15.Bxe5 Bc6
16.Kh1 Bd6 17.Nb5 Bxe5 18.Qxe5 Nd7 19.Qh5 g6 20.Qh3 Bxb5 21.Bxb5 a6 22.Bxd7 Qxd7
23.Re2 Qb5 24.Rfe1 e5 25.Qb3 Qxb3 26.axb3 Rf7 27.Kg1 Rfe7 28.f4 Kf7 29.fxe5 Ke6
30.Rf1 Rf7 31.Rf6+ Ke7 32.Rb6 Kd8 33.h4 Kc7 34.Rf6 Rfe7 35.Kf2 Re6 36.Rxe6 Rxe6
37.Kg3 h6 38.Kf4 Kc6 39.h5 gxh5 40.Kf5 Kd7 41.Rd2 Re8 42.Rxd5+ Ke7 43.Rd6 Rf8+
44.Rf6 Rg8 45.Rg6 Rf8+ 46.Ke4 Rf2 47.Kd3 h4 48.Rxh6 Rxg2 49.Rxh4 Kd7 50.Rc4 Rg7
51.Kd4 Ke6 52.Kc5 Kxe5 53.Kb6 Kd6 54.b4 Rh7 55.b3 Rg7 56.Rc8 Rh7 57.Rd8+ Ke5
58.Rb8 Rh2 59.Rc8 Rh7  1-0

[Event "BEL-ch"]
[Site "Geel"]
[Date "1996.??.??"]
[Round "2"]
[White "Dutreeuw, Marc"]
[Black "Goormachtigh, Johan"]
[Result "1/2-1/2"]
[WhiteElo "2390"]
[BlackElo "2290"]

1.e4 e6 2.d4 d5 3.Nc3 Nf6 4.e5 Nfd7 5.f4 c5 6.Nf3 Nc6 7.Be3 a6 8.Qd2 b5 9.Be2 Qb6
10.O-O cxd4 11.Nxd4 Bc5 12.Rad1 O-O 13.Rf3 Bb7 14.Bf1 Nxd4 15.Bxd4 Bxd4+
16.Qxd4 Rfc8 17.Rf2 b4 18.Nb1  1/2-1/2

[Event "Oberliga Ost C9596"]
[Site "Germany"]
[Date "1996.??.??"]
[Round "?"]
[White "Rohs, Peter"]
[Black "Karabalis, Harilos"]
[Result "0-1"]
[WhiteElo "2020"]
[BlackElo "2205"]

1.e4 e6 2.d4 d5 3.Nc3 Nf6 4.e5 Nfd7 5.Nce2 c5 6.c3 Nc6 7.Nf3 Qb6 8.a3 Be7
9.Ng3 cxd4 10.cxd4 f6 11.Bd3 fxe5 12.dxe5 Ndxe5 13.Nxe5 Nxe5 14.Qh5+ Nf7
15.O-O g6 16.Qe2 O-O 17.Be3 Bc5 18.Bxc5 Qxc5 19.Rac1 Qb6 20.h4 e5 21.h5 e4
22.hxg6 hxg6 23.Bb1 Ne5 24.b4 Bg4 25.Qa2 Be6 26.Rc5 Rf7 27.Qd2 Nd7 28.Rc2 Qd8
29.Ba2 Nf8 30.Rd1 Qh4 31.Qe3 Rd8 32.Rcd2 Rh7 33.Bxd5 Rxd5 34.Rxd5 Qh2+ 35.Kf1 Bg4
36.Ne2 Qc7 37.R5d4 Rh1+ 38.Ng1 Bxd1 39.Rxd1 Qc4+  0-1